000 00486nam a2200193Ia 4500
005 20260429112213.0
008 260429s9999||||xx |||||||||||||| ||und||
020 _a9788197358920
041 _aEnglish
082 _a658
_bVAJ
100 _aVajpayee, Ashok
245 0 _aAdministrative thinkers /
_cAshok Vajpayee
250 _a1st ed.
260 _aJaipur :
_bYking Book,
_c2024.
300 _avi, 288 p.; hb
650 _a Administration
650 _aManagement
942 _cTB
999 _c52882
_d52882